000 00572nam a2200229Ia 4500
003 OSt
005 20220924144442.0
006 a|||||r|||| 00| 0
007 ta
008 220923b |||||||| |||| 00| 0 urd d
024 _a314572
037 _cTextual
040 _aARTS
_cARTS
_burd
041 _2urd
_aurd
082 _aO168,1N22,5, N0
100 _aSahr Hoshiarpuri
_9217650
245 0 _aSehr-e-khayal
260 _c1990
650 _aURDU POETRY
942 _hO168,1N22,5, N0
_cTEXL
_2CC
999 _c457107
_d457107